LEADER 02338nam 2200625 450 001 9910813042203321 005 20230803211252.0 010 $a1-118-74988-X 010 $a1-118-81919-5 010 $a1-118-74981-2 035 $a(CKB)4330000000002619 035 $a(SSID)ssj0001110721 035 $a(PQKBManifestationID)11603661 035 $a(PQKBTitleCode)TC0001110721 035 $a(PQKBWorkID)11125696 035 $a(PQKB)11497272 035 $a(OCoLC)870244536 035 $a(DLC) 2013035001 035 $a(CaSebORM)9781118749814 035 $a(Au-PeEL)EBL1605590 035 $a(CaPaEBR)ebr10833773 035 $a(MiAaPQ)EBC1605590 035 $a(EXLCZ)994330000000002619 100 $a20140214h20142014 uy 0 101 0 $aeng 135 $aurcnu|||||||| 181 $ctxt 182 $cc 183 $acr 200 10$aGypsum construction handbook /$fUSG Corporation 205 $aSeventh edition. 210 1$aHoboken, New Jersey :$cJohn Wiley & Sons, Inc.,$d2014. 210 4$dİ2014 215 $a1 online resource (575 pages) $cillustrations, photographs 225 0 $aRSMeans 300 $aIncludes indexes. 311 $a1-306-41230-7 311 $a1-118-74984-7 330 $aThe tried-and-true Gypsum Construction Handbook is a systematic guide to selecting and using gypsum drywall, veneer plaster, tile backers, ceilings, and conventional plaster building materials. A widely respected training text for aspiring architects and engineers, the book provides detailed product information and efficient installation methodology. The Seventh Edition features updates in gypsum products, including ultralight panels, glass-mat panels, paperfaced plastic bead, and ultralightweight joint compound, and modern specialty acoustical and ceiling product guidelines. This comprehensive reference also incorporates the latest in sustainable products. 606 $aGypsum 606 $aPlaster 606 $aPlastering 606 $aDrywall construction 615 0$aGypsum. 615 0$aPlaster. 615 0$aPlastering. 615 0$aDrywall construction. 676 $a691/.9 801 0$bMiAaPQ 801 1$bMiAaPQ 801 2$bMiAaPQ 906 $aBOOK 912 $a9910813042203321 996 $aGypsum construction handbook$94030084 997 $aUNINA LEADER 02251oam 2200505zu 450 001 9910164289303321 005 20210807002208.0 010 $a9780803162105 010 $a0803162103 035 $a(CKB)3170000000044297 035 $a(SSID)ssj0001489586 035 $a(PQKBManifestationID)11797151 035 $a(PQKBTitleCode)TC0001489586 035 $a(PQKBWorkID)11457615 035 $a(PQKB)11390941 035 $a(NjHacI)993170000000044297 035 $a(EXLCZ)993170000000044297 100 $a20160829d1999 uy 101 0 $aeng 135 $aur||||||||||| 181 $ctxt 182 $cc 183 $acr 200 10$aAdvances in Environmental Measurement Methods for Asbestos 210 31$a[Place of publication not identified]$cAmerican Society for Testing & Materials$d1999 215 $a1 online resource (416 pages) 225 1 $aASTM special technical publication ;$v1342 300 $aBibliographic Level Mode of Issuance: Monograph 311 08$a9780803126169 311 08$a0803126166 330 $aAnnotation Thirty papers focus on recent advances in research on measurement methods for asbestos in bulk building materials, as well as ambient, indoor, and work place air, water, and settled dust. The papers include discussions of measurement methods, monitoring strategies, data interpretation, and quality assurance for asbestos measurements. It was the intent of the organizers of the July 1997 conference from which these papers stem to bring the disciplines of analytical chemistry together with investigators who are assessing exposure to asbestos in the environment. Annotation copyrighted by Book News, Inc., Portland, OR. 410 0$aASTM special technical publication ;$v1342. 606 $aAsbestos dust$xEnvironmental aspects 606 $aAsbestos abatement 615 0$aAsbestos dust$xEnvironmental aspects. 615 0$aAsbestos abatement. 676 $a666/.72 700 $aBeard$b Michael E$0866010 702 $aRook$b Harry L 712 02$aASTM Committee D-22 on Sampling and Analysis of Atmospheres. 801 0$bPQKB 906 $aBOOK 912 $a9910164289303321 996 $aAdvances in Environmental Measurement Methods for Asbestos$91932755 997 $aUNINA